The Futile Paradigm: In Quest of Feudalism in Early Medieval Japan
How useful is ‘feudalism’ as a paradigm for understanding medieval Japan? While the construct has a venerable history in application to the Japanese past, it is rarely invoked by specialists today, who tend to focus comparative analyses on fundamental differences, rather than superficial parallels b...
| Main Author: | |
|---|---|
| Format: | Electronic Article |
| Language: | English |
| Check availability: | HBZ Gateway |
| Interlibrary Loan: | Interlibrary Loan for the Fachinformationsdienste (Specialized Information Services in Germany) |
| Published: |
2010
|
| In: |
History compass
Year: 2010, Volume: 8, Issue: 2, Pages: 179-196 |
| Online Access: |
Volltext (lizenzpflichtig) Volltext (lizenzpflichtig) |
MARC
| LEADER | 00000naa a22000002c 4500 | ||
|---|---|---|---|
| 001 | 1928950574 | ||
| 003 | DE-627 | ||
| 005 | 20250624110746.0 | ||
| 007 | cr uuu---uuuuu | ||
| 008 | 250624s2010 xx |||||o 00| ||eng c | ||
| 024 | 7 | |a 10.1111/j.1478-0542.2009.00664.x |2 doi | |
| 035 | |a (DE-627)1928950574 | ||
| 035 | |a (DE-599)KXP1928950574 | ||
| 040 | |a DE-627 |b ger |c DE-627 |e rda | ||
| 041 | |a eng | ||
| 084 | |a 1 |2 ssgn | ||
| 100 | 1 | |e VerfasserIn |0 (DE-588)14218084X |0 (DE-627)704164116 |0 (DE-576)329343955 |4 aut |a Friday, Karl F. |d 1957- | |
| 109 | |a Friday, Karl F. 1957- |a Friday, Karl 1957- | ||
| 245 | 1 | 4 | |a The Futile Paradigm: In Quest of Feudalism in Early Medieval Japan |
| 264 | 1 | |c 2010 | |
| 336 | |a Text |b txt |2 rdacontent | ||
| 337 | |a Computermedien |b c |2 rdamedia | ||
| 338 | |a Online-Ressource |b cr |2 rdacarrier | ||
| 520 | |a How useful is ‘feudalism’ as a paradigm for understanding medieval Japan? While the construct has a venerable history in application to the Japanese past, it is rarely invoked by specialists today, who tend to focus comparative analyses on fundamental differences, rather than superficial parallels between medieval Japan and medieval Europe. This article examines both the history and the utility of the feudal construct, discussing problems inherent to definitions of ‘feudalism’ and surveying changing scholarly perceptions of late classical and early medieval Japan, particularly with regard to three key processes: the appearance of the samurai, the emergence of warrior-aristocrats as rulers, and the evolution of vassalage and its relationship to benefice. | ||
| 601 | |a Paradigma | ||
| 773 | 0 | 8 | |i Enthalten in |t History compass |d Oxford : Wiley-Blackwell, 2003 |g 8(2010), 2, Seite 179-196 |h Online-Ressource |w (DE-627)509401244 |w (DE-600)2227219-7 |w (DE-576)306833107 |x 1478-0542 |7 nnas |
| 773 | 1 | 8 | |g volume:8 |g year:2010 |g number:2 |g pages:179-196 |
| 856 | 4 | 0 | |u https://doi.org/10.1111/j.1478-0542.2009.00664.x |x Resolving-System |z lizenzpflichtig |3 Volltext |7 1 |
| 856 | 4 | 0 | |u https://onlinelibrary.wiley.com/doi/abs/10.1111/j.1478-0542.2009.00664.x |x Verlag |z lizenzpflichtig |3 Volltext |7 1 |
| 951 | |a AR | ||
| ELC | |a 1 | ||
| ITA | |a 1 |t 1 | ||
| LOK | |0 000 xxxxxcx a22 zn 4500 | ||
| LOK | |0 001 4737963356 | ||
| LOK | |0 003 DE-627 | ||
| LOK | |0 004 1928950574 | ||
| LOK | |0 005 20250624110141 | ||
| LOK | |0 008 250624||||||||||||||||ger||||||| | ||
| LOK | |0 040 |a DE-Tue135 |c DE-627 |d DE-Tue135 | ||
| LOK | |0 092 |o n | ||
| LOK | |0 852 |a DE-Tue135 | ||
| LOK | |0 852 1 |9 00 | ||
| LOK | |0 935 |a ixzs |a ixzo |a ixrk | ||
| LOK | |0 939 |a 24-06-25 |b l01 | ||
| ORI | |a SA-MARC-ixtheoa001.raw | ||